000 00710nam a2200229Ia 4500
005 20250508164023.0
008 008 250505s9999 xx 000 0 hin d
020 _a81-7198-092-9
037 _aTextBook
040 _aFEDL
_beng
_cFEDL
041 _ahin
_2eng
084 _a320.01, GAB/R
_qFEDL
100 _aGaba Om Prkash
_9777091
245 0 _aRajnitik-sidhant ke ruprakha : Mukhy mukhy rajnitik vicharo aur vichardhrao ka alochanatamak or tulnatmak vivechan
250 _a5
260 _aNoida, India
_bMaure Paperbox
_c2001
300 _axii, 548p
365 _aINR
_b150
650 _aPolitical Science-Theory
_9777092
942 _cTB
_h320.01, GAB/R
999 _c1386613
_d1386613